000
00316nam a2200133Ia 4500
005
20260328101504.0
008
260328s9999||||xx |||||||||||||| ||und||
100
_a
Segawa, Hugo
245
0
_a
Oswaldo Arthur Bratke /
_c
Hugo Segawa
260
_b
Pro Editores
300
_a
323 p.
650
_a
ARQUITECTOS
942
_c
BK
999
_c
8986
_d
8986